| 000 | 00828nam a2200217Ia 4500 | ||
|---|---|---|---|
| 001 | 12638 | ||
| 003 | GE_BSU | ||
| 008 | 181216s||||||||xx |||||||||||||| ||und|| | ||
| 040 | _cGE_BSU | ||
| 080 | _a634.9 | ||
| 100 | _aСост-ли:Васильев,А.В. Гулисашвили, В.В. Долуханов,А.Г. и др. | ||
| 245 | _aДендрофлора Кавказа=კავკასიის დენდროლოგია | ||
| 245 | _bДикорастущие и культурные деревья и кустарники | ||
| 260 | _aТбилиси | ||
| 260 | _bИзд-во АН Грузинской ССР | ||
| 260 | _c1959 | ||
| 300 | _a406стр.26см. | ||
| 653 | _aДендрофлора Кавказа | ||
| 653 | _aკავკასიის დენდროლოგია | ||
| 942 | _cBK | ||
| 999 |
_c45810 _d45810 |
||